00892cam a2200241 450000100060000000300080000600500170001400800390003103500190007004000320008904100080012108200250012910000590015424500980021325000120031126000480032330000250037150400410039660000430043794200120048099900170049295201410050924275BD-RjUL20211209001029.0140313s1970 flu b 000 0beng a(BD-RjUL)24341 aDLCcDLCdDLCdBD-RjULbeng aeng00a973.410924bWIM 19701 aWilbur, William H.q(William Hale),d1888-1979.97477014aThe making of George Washington /cby William H. Wilbur. With a foreword by Kenneth D. Wells. a1st ed. aDeLand, Fla. :bPatriotic Education,c1970. axv, 256 p. ;c18 cm. aIncludes bibliographical references.10aWashington, George,d1732-1799.974772 2ddccBK c24275d24275 00102ddc40728NFICaRUCLbRUCLcReadingd1985-08-11eAsia Fundationl0o973.410924 WIM 1970r2014-03-13 00:00:00tC-1w2014-03-13yBK